000 00525nam a2200145 a 4500
001 000045669
005 20201002052358.0
008 150422s1989 dr 000 0 spa d
040 _aDO-SdBNP
_bspa
_cBNPHU
110 2 _aTeatro Nacional
_973730
245 1 0 _aHomenaje a Edith Piaf :
_bmarte 26 y miéircoles 27 de septiembre, 1989 8:30 p.m. Santo Domingo, República Dominicana /
_cLuisa María Guéll.
260 _aSanto Domingo :
_bTeatro Nacional,
_c1989.
300 _a8 p. ;
_c22 cm.
700 1 2 _aGuéll, Luisa María
_973731
999 _c45158
_d45158